[Event "CAN-ch"]
[Site "Toronto"]
[Date "2023.04.10"]
[Round "7"]
[White "Joseph Benher, Savio"]
[Black "Liu, Henry"]
[Result "1-0"]
[WhiteElo "1902"]
[BlackElo "1988"]
[PlyCount "105"]
[EventDate "2023.04.06"]
[EventType "swiss"]
[EventRounds "9"]
[EventCountry "CAN"]
[SourceTitle "CBM 213 Extra"]
[Source "ChessBase"]
[SourceDate "2023.05.31"]
[SourceVersion "1"]
[SourceVersionDate "2023.05.31"]
[SourceQuality "1"]

1. e4 e6 2. d4 d5 3. Nc3 Nf6 4. Bg5 dxe4 5. Nxe4 Bd7 6. Nf3 Bc6 7. Bd3 Be7 8. Bxf6 gxf6 9. Qe2 Qd5 10. c4 Qa5+ 11. Kf1 Nd7 12. Ned2 0-0-0 13. Nb3 Qb4 14. Rc1 Kb8 15. Be4 Bxe4 16. Qxe4 f5 17. Qe1 Qxe1+ 18. Kxe1 Rhg8 19. g3 f6 20. Ke2 e5 21. d5 Nc5 22. Nxc5 Bxc5 23. Rcd1 Rg4 24. b3 c6 25. h3 Re4+ 26. Kf1 cxd5 27. cxd5 Rb4 28. Kg2 Bd4 29. Nh4 Rxd5 30. Nxf5 Rd7 31. Rd2 Kc7 32. Rc1+ Kb6 33. Rc8 Rf7 34. Re8 Kc5 35. Rd8 a5 36. Rc2+ Kb6 37. Nd6 Rg7 38. Rcc8 Rc7 39. Nc4+ Rcxc4 40. Rxc4 Rxc4 41. bxc4 Kc5 42. Rd7 b6 43. Rxh7 Kb4 44. h4 Ka3 45. Rd7 Kxa2 46. g4 Kb3 47. h5 Bb2 48. h6 e4 49. Rd6 Kxc4 50. Rxb6 Bd4 51. h7 Bxb6 52. h8Q Bd4 53. Qa8 1-0

[Event "CAN-ch"]
[Site "Toronto"]
[Date "2023.04.08"]
[Round "5"]
[White "Ning, Eric"]
[Black "Joseph Benher, Savio"]
[Result "1-0"]
[WhiteElo "1963"]
[BlackElo "1902"]
[PlyCount "41"]
[EventDate "2023.04.06"]
[EventType "swiss"]
[EventRounds "9"]
[EventCountry "CAN"]
[SourceTitle "CBM 213 Extra"]
[Source "ChessBase"]
[SourceDate "2023.05.31"]
[SourceVersion "1"]
[SourceVersionDate "2023.05.31"]
[SourceQuality "1"]

1. d4 Nf6 2. c4 e6 3. Nc3 Bb4 4. Qc2 d5 5. cxd5 Qxd5 6. Nf3 c5 7. a3 cxd4 8. axb4 dxc3 9. bxc3 0-0 10. c4 Qh5 11. Bb2 b6 12. Bxf6 gxf6 13. Qe4 Qg6 14. Qxa8 Qc2 15. Rd1 Qc3+ 16. Nd2 Rd8 17. Qxb8 e5 18. e4 Rxd2 19. Rxd2 Qc1+ 20. Ke2 Qxc4+ 21. Kf3 1-0

[Event "Kingston Canada zt"]
[Site "Kingston"]
[Date "2022.04.18"]
[Round "9"]
[White "Latorre, Vincent"]
[Black "Joseph Benher, Savio"]
[Result "0-1"]
[WhiteElo "1736"]
[BlackElo "1898"]
[PlyCount "140"]
[EventDate "2022.04.13"]
[EventType "swiss"]
[EventRounds "9"]
[EventCountry "CAN"]
[SourceTitle "CBM 207 Extra"]
[Source "ChessBase"]
[SourceDate "2022.05.31"]
[SourceVersion "1"]
[SourceVersionDate "2022.05.31"]
[SourceQuality "1"]

1. e4 e6 2. d4 d5 3. Nc3 Bb4 4. exd5 exd5 5. Bd3 Nc6 6. a3 Ba5 7. Be3 Nge7 8. Qf3 Be6 9. Nge2 Qd7 10. h3 0-0 11. 0-0 Bxc3 12. Nxc3 Rad8 13. Rfe1 Bf5 14. Rad1 Rfe8 15. Ne2 Bxd3 16. Rxd3 Nf5 17. c3 Re4 18. Ng3 Nxg3 19. fxg3 Rde8 20. Rd2 Qe6 21. Rde2 Na5 22. Kf2 f5 23. Bf4 Nc4 24. b3 Nxa3 25. Qd3 c6 26. Be5 Nb5 27. g4 fxg4 28. Rxe4 dxe4 29. Rxe4 gxh3 30. Rh4 Rf8+ 31. Kg1 g6 32. Rxh3 Nd6 33. c4 Nf7 34. Bf4 Rd8 35. Re3 Qf6 36. Re4 Nd6 37. Bxd6 Qxd6 38. Qe3 b6 39. Qg5 Rf8 40. Qe3 Rd8 41. g3 Rd7 42. Kg2 Kg7 43. Qc3 Kf7 44. Qf3+ Kg8 45. Kf2 Rf7 46. Rf4 Rxf4 47. gxf4 Qxd4+ 48. Kg2 Qd6 49. Qe4 Kg7 50. Kh3 Kf6 51. Kg2 b5 52. Kf3 bxc4 53. bxc4 a5 54. Qe8 Kg7 55. c5 Qxc5 56. Qd7+ Kh6 57. Kg3 Qd5 58. Qe7 Qb3+ 59. Kh4 Qb4 60. Qg5+ Kg7 61. Qe5+ Kf7 62. Kg4 a4 63. Qc7+ Qe7 64. Qa5 a3 65. Kf3 Qd6 66. Qa7+ Kg8 67. Qa8+ Kg7 68. Kg4 Qe6+ 69. Kf3 a2 70. Qa3 Qh3+ 0-1

[Event "North American op 30th"]
[Site "ICC INT"]
[Date "2020.12.28"]
[Round "6"]
[White "Joseph Benher, Savio"]
[Black "Chubakov, Sultan"]
[Result "1-0"]
[WhiteElo "1870"]
[BlackElo "2103"]
[PlyCount "204"]
[EventDate "2020.12.26"]
[EventType "swiss"]
[EventRounds "8"]
[EventCountry "USA"]
[SourceTitle "CBM 200 Extra"]
[Source "ChessBase"]
[SourceDate "2021.03.31"]
[SourceVersion "1"]
[SourceVersionDate "2021.03.31"]
[SourceQuality "1"]

1. e4 c5 2. Nf3 e6 3. d4 cxd4 4. Nxd4 a6 5. c4 Nf6 6. Nc3 Bb4 7. Bd3 Nc6 8. Nc2 Be7 9. 0-0 0-0 10. Be3 Qc7 11. Be2 Rd8 12. Qd2 Ne5 13. b3 d5 14. exd5 exd5 15. cxd5 Be6 16. Nd4 Bxd5 17. Nxd5 Nxd5 18. Rac1 Qd7 19. Nf3 Bb4 20. Qd4 Nc6 21. Qd3 Qe7 22. Bg5 f6 23. Bd2 Kh8 24. Rfe1 Ba3 25. Rcd1 b5 26. Qb1 Qf7 27. Bd3 g6 28. Bf1 Bb4 29. Bxb4 Ncxb4 30. Qb2 Kg8 31. a3 Nc6 32. Rc1 Rd6 33. Rc5 Rad8 34. Rec1 Nde7 35. a4 bxa4 36. Bc4 Nd5 37. Bxd5 Rxd5 38. Rxc6 Rd1+ 39. Ne1 Qe8 40. Qc3 R8d2 41. Qc4+ Kh8 42. Qf1 Rxc1 43. Rxc1 axb3 44. Qxa6 b2 45. Qxf6+ Kg8 46. Rb1 Re2 47. Nd3 Rc2 48. Nxb2 Rc6 49. Qf3 Re6 50. h3 Re1+ 51. Rxe1 Qxe1+ 52. Kh2 Qe5+ 53. Qg3 Qxb2 54. Qf4 Kg7 55. h4 Qc3 56. g4 h6 57. Qe3 Qc7+ 58. Kg2 Qc6+ 59. Qf3 Qc5 60. Qe4 h5 61. g5 Qd6 62. f4 Qd2+ 63. Kg3 Qc3+ 64. Qf3 Qe1+ 65. Kh3 Qe6+ 66. Kg2 Qc4 67. Qe3 Qc2+ 68. Kg3 Qd1 69. Qe7+ Kg8 70. Qe6+ Kg7 71. Qf6+ Kh7 72. Qf7+ Kh8 73. Qf8+ Kh7 74. Qh6+ Kg8 75. Qxg6+ Kf8 76. Qf6+ Kg8 77. Qe6+ Kf8 78. Qf5+ Kg8 79. g6 Qg1+ 80. Kf3 Qf1+ 81. Ke3 Qe1+ 82. Kd4 Qb4+ 83. Ke5 Qc3+ 84. Ke6 Qc8+ 85. Kf6 Qd8+ 86. Ke5 Qc7+ 87. Ke4 Qc2+ 88. Ke5 Qc7+ 89. Kd4 Qb6+ 90. Kc3 Qc6+ 91. Kd2 Qg2+ 92. Ke3 Qg1+ 93. Ke4 Qe1+ 94. Kd5 Qa5+ 95. Ke6 Qb6+ 96. Ke7 Qc7+ 97. Qd7 Qc5+ 98. Qd6 Qa7+ 99. Kf6 Qa1+ 100. Kg5 Qa5+ 101. Kh6 Qa8 102. Qe6+ Kh8 1-0

[Event "North American op 30th"]
[Site "ICC INT"]
[Date "2020.12.26"]
[Round "2"]
[White "Joseph Benher, Savio"]
[Black "Krishnakumar, Sriram"]
[Result "0-1"]
[WhiteElo "1870"]
[BlackElo "1981"]
[PlyCount "102"]
[EventDate "2020.12.26"]
[EventType "swiss"]
[EventRounds "8"]
[EventCountry "USA"]
[SourceTitle "CBM 200 Extra"]
[Source "ChessBase"]
[SourceDate "2021.03.31"]
[SourceVersion "1"]
[SourceVersionDate "2021.03.31"]
[SourceQuality "1"]

1. e4 e5 2. Nf3 Nc6 3. Bb5 a6 4. Ba4 Nf6 5. d3 b5 6. Bb3 Be7 7. a4 Bb7 8. axb5 axb5 9. Rxa8 Bxa8 10. Nc3 b4 11. Nd5 0-0 12. 0-0 d6 13. Bd2 Nxd5 14. Bxd5 Qb8 15. Qe1 Qb6 16. Qe3 Nd4 17. Nxd4 exd4 18. Qh3 Bxd5 19. exd5 Qc5 20. Qd7 Qxc2 21. Bxb4 Bf6 22. Ba3 Qxd3 23. Qxc7 Qe2 24. Qxd6 Re8 25. Qc6 d3 26. Qc1 d2 27. Qb1 Bd4 28. h3 Bxf2+ 29. Kh2 Qe5+ 30. Kh1 Qe1 31. Bb4 Qxb1 32. Rxb1 Re1+ 33. Rxe1 dxe1Q+ 34. Bxe1 Bxe1 35. Kg1 Kf8 36. Kf1 Bb4 37. Ke2 Ke7 38. Kd3 Kd6 39. Kc4 Be1 40. b4 Bf2 41. g4 h6 42. b5 g5 43. Kb4 Kxd5 44. Ka5 Ke5 45. b6 Bxb6+ 46. Kxb6 Kf4 47. Kc6 Kg3 48. Kd6 Kxh3 49. Ke7 Kxg4 50. Kxf7 h5 51. Kg6 h4 0-1

[Event "USA National op 51st"]
[Site "ICC INT"]
[Date "2020.11.29"]
[Round "7"]
[White "Luo, Terry"]
[Black "Joseph Benher, Savio"]
[Result "1-0"]
[WhiteElo "2124"]
[BlackElo "1870"]
[PlyCount "79"]
[EventDate "2020.11.27"]
[EventType "swiss"]
[EventRounds "9"]
[EventCountry "USA"]
[SourceTitle "CBM 199 Extra"]
[Source "ChessBase"]
[SourceDate "2021.01.31"]
[SourceVersion "1"]
[SourceVersionDate "2021.01.31"]
[SourceQuality "1"]

1. d4 Nf6 2. c4 e6 3. g3 d5 4. Nf3 Be7 5. Bg2 0-0 6. 0-0 c6 7. Qc2 Nbd7 8. Nbd2 b6 9. e4 Bb7 10. e5 Ne8 11. cxd5 cxd5 12. Re1 Rc8 13. Qd3 Nc7 14. h4 b5 15. Nf1 b4 16. Ng5 g6 17. Qf3 Nb5 18. Be3 a5 19. Nh2 Qe8 20. Bf1 Ba6 21. Rac1 a4 22. Ng4 Kg7 23. h5 Rxc1 24. Rxc1 h6 25. Nxe6+ fxe6 26. Bxh6+ Kg8 27. Bxf8 Bxf8 28. Nf6+ Nxf6 29. exf6 gxh5 30. Qf4 Qg6 31. Rc6 a3 32. bxa3 Bb7 33. Rb6 bxa3 34. f7+ Kh7 35. Rxb5 Ba6 36. Rb8 Bxf1 37. Rxf8 Qb1 38. Rh8+ Kxh8 39. f8Q+ Kh7 40. Q4h6# 1-0

[Event "World op 48th"]
[Site "ICC INT"]
[Date "2020.08.08"]
[Round "4"]
[White "Li, Linden"]
[Black "Joseph Benher, Savio"]
[Result "1/2-1/2"]
[WhiteElo "1825"]
[BlackElo "1870"]
[PlyCount "98"]
[EventDate "2020.08.07"]
[EventType "swiss"]
[EventRounds "9"]
[EventCountry "USA"]
[SourceTitle "CBM 197 Extra"]
[Source "ChessBase"]
[SourceDate "2020.09.30"]
[SourceVersion "1"]
[SourceVersionDate "2020.09.30"]
[SourceQuality "1"]

1. d4 Nf6 2. c4 e6 3. Nc3 Bb4 4. Qc2 d5 5. Bg5 c5 6. Rd1 cxd4 7. Rxd4 Nc6 8. Rd1 d4 9. a3 Bxc3+ 10. bxc3 Qa5 11. Nf3 e5 12. e3 dxe3 13. Bxe3 0-0 14. Be2 h6 15. 0-0 Be6 16. Rb1 Qc7 17. Qb2 Rab8 18. h3 b6 19. Qb5 Ne4 20. Rfc1 Nd6 21. Qa4 Nf5 22. Bd2 e4 23. Nd4 Ncxd4 24. cxd4 Nxd4 25. Bf1 Rfd8 26. Bc3 Bd7 27. Qb4 Ne6 28. Qb2 Qc5 29. Be5 Rbc8 30. Re1 Bc6 31. Rbd1 Qe7 32. Be2 Qg5 33. Bg3 e3 34. Bg4 exf2+ 35. Qxf2 Qc5 36. Qxc5 bxc5 37. Rxd8+ Rxd8 38. Bxe6 fxe6 39. Rxe6 Bd7 40. Rd6 Kf7 41. Bf2 Ke8 42. Ra6 Bf5 43. Rxa7 g6 44. Bxc5 Rc8 45. Re7+ Kd8 46. Bb4 Rxc4 47. g4 Bxg4 48. Rh7 Bxh3 49. Rxh6 Bf5 1/2-1/2

[Event "World op 48th"]
[Site "ICC INT"]
[Date "2020.08.07"]
[Round "2"]
[White "Tanenbaum, Zachary Chen"]
[Black "Joseph Benher, Savio"]
[Result "1-0"]
[WhiteElo "2137"]
[BlackElo "1870"]
[PlyCount "49"]
[EventDate "2020.08.07"]
[EventType "swiss"]
[EventRounds "9"]
[EventCountry "USA"]
[SourceTitle "CBM 197 Extra"]
[Source "ChessBase"]
[SourceDate "2020.09.30"]
[SourceVersion "1"]
[SourceVersionDate "2020.09.30"]
[SourceQuality "1"]

1. e4 c5 2. Nf3 e6 3. d4 cxd4 4. Nxd4 Nc6 5. Nc3 Nf6 6. Ndb5 Bc5 7. Nd6+ Ke7 8. Bf4 e5 9. Nf5+ Kf8 10. Bg5 Qb6 11. Qd2 Ng4 12. 0-0-0 Qa5 13. Bh4 d5 14. Nxd5 Qxa2 15. Qc3 b6 16. b4 Bxf5 17. exf5 Bxf2 18. Qxc6 Qa1+ 19. Kd2 Qd4+ 20. Bd3 Re8 21. Qd6+ Kg8 22. Ne7+ Kf8 23. Ng6+ Kg8 24. Qf8+ Rxf8 25. Ne7# 1-0

[Event "CAN-ch U20"]
[Site "Toronto"]
[Date "2019.08.11"]
[Round "8"]
[White "Joseph Benher, Savio"]
[Black "Demchenko, Svitlana"]
[Result "0-1"]
[WhiteElo "1668"]
[BlackElo "2045"]
[PlyCount "54"]
[EventDate "2019.08.08"]
[EventType "swiss"]
[EventRounds "8"]
[EventCountry "CAN"]
[SourceTitle "CBM 191 Extra"]
[Source "ChessBase"]
[SourceDate "2019.09.30"]
[SourceVersion "1"]
[SourceVersionDate "2019.09.30"]
[SourceQuality "1"]

1. e4 c5 2. Nf3 e6 3. d4 cxd4 4. Nxd4 Nc6 5. Nc3 Qc7 6. g3 a6 7. Bg2 Nf6 8. 0-0 Be7 9. Re1 d6 10. Nxc6 bxc6 11. Na4 0-0 12. c4 Bb7 13. Nc3 Nd7 14. Be3 c5 15. Qe2 Bf6 16. Rad1 Rfd8 17. g4 Nb6 18. f4 Bxc3 19. bxc3 a5 20. e5 Bxg2 21. exd6 Rxd6 22. Kxg2 Rad8 23. Rb1 Rd3 24. Rb5 Nxc4 25. Qf3 Nxe3+ 26. Rxe3 Rxe3 27. Qxe3 Qc6+ 0-1

[Event "CAN-ch U20"]
[Site "Toronto"]
[Date "2019.08.10"]
[Round "5"]
[White "Joseph Benher, Savio"]
[Black "Li, William"]
[Result "0-1"]
[WhiteElo "1668"]
[BlackElo "2135"]
[PlyCount "98"]
[EventDate "2019.08.08"]
[EventType "swiss"]
[EventRounds "8"]
[EventCountry "CAN"]
[SourceTitle "CBM 191 Extra"]
[Source "ChessBase"]
[SourceDate "2019.09.30"]
[SourceVersion "1"]
[SourceVersionDate "2019.09.30"]
[SourceQuality "1"]

1. e4 c5 2. Nf3 e6 3. d4 cxd4 4. Nxd4 Nf6 5. Nc3 Nc6 6. g3 Bb4 7. Bg2 h5 8. 0-0 h4 9. Nxc6 bxc6 10. e5 h3 11. Bh1 Nd5 12. Nxd5 cxd5 13. Qg4 Bf8 14. c4 Ba6 15. cxd5 Bxf1 16. dxe6 Bg2 17. Bxg2 hxg2 18. exf7+ Kxf7 19. Qf5+ Kg8 20. e6 Qe8 21. exd7 Qf7 22. Qxf7+ Kxf7 23. Be3 Be7 24. Rc1 Rhd8 25. Kxg2 Rxd7 26. b3 a5 27. h4 Bd6 28. h5 Rc7 29. Rd1 Ke6 30. g4 Rc2 31. Bd4 Rf8 32. Rf1 Bc5 33. Bxc5 Rxc5 34. f4 Rc3 35. Re1+ Kf6 36. Re5 Rd8 37. g5+ Kf7 38. Re2 Rcd3 39. Kf2 Rd2 40. a3 Rxe2+ 41. Kxe2 Rb8 42. b4 axb4 43. axb4 Rxb4 44. Kf3 Ke6 45. Kg4 Rb5 46. f5+ Rxf5 47. h6 gxh6 48. gxh6 Rf8 49. Kg5 Kf7 0-1

[Event "Markham op U2200"]
[Site "Markham"]
[Date "2018.10.06"]
[Round "3"]
[White "Joseph Benher, Savio"]
[Black "Khachaturov, Vadim"]
[Result "0-1"]
[WhiteElo "1735"]
[BlackElo "1961"]
[PlyCount "56"]
[EventDate "2018.10.05"]
[EventType "swiss"]
[EventRounds "5"]
[EventCountry "CAN"]
[SourceTitle "EXT 2022"]
[Source "ChessBase"]
[SourceDate "2021.10.06"]
[SourceVersion "1"]
[SourceVersionDate "2021.10.06"]
[SourceQuality "1"]

1. e4 c5 2. Nf3 d6 3. d4 cxd4 4. Qxd4 Nc6 5. Bb5 Bd7 6. Bxc6 Bxc6 7. Nc3 Nf6 8. Bg5 e6 9. 0-0-0 Be7 10. Rhe1 0-0 11. Kb1 Qc7 12. Bxf6 Bxf6 13. Qxd6 Qa5 14. Qd2 b6 15. Nd4 Bb7 16. Qe3 Rac8 17. f3 Rc4 18. e5 Be7 19. Nb3 Qa6 20. a3 Rfc8 21. Rd7 Bf8 22. Rd4 h6 23. Nd2 R4c7 24. Ra4 Rxc3 25. Qf4 Qb5 26. Rxa7 Rxc2 27. b3 Qd3 28. Qe3 Rc1+ 0-1

[Event "Mississauga Goldon Horseshoe op U2000"]
[Site "Mississauga"]
[Date "2018.06.03"]
[Round "4.4"]
[White "Khachaturov, Vadim"]
[Black "Joseph Benher, Savio"]
[Result "1/2-1/2"]
[WhiteElo "1966"]
[BlackElo "1722"]
[PlyCount "107"]
[EventDate "2018.06.02"]
[EventType "swiss"]
[EventRounds "5"]
[EventCountry "CAN"]
[SourceTitle "EXT 2022"]
[Source "ChessBase"]
[SourceDate "2021.10.06"]
[SourceVersion "1"]
[SourceVersionDate "2021.10.06"]
[SourceQuality "1"]

1. e4 e6 2. d4 d5 3. Nd2 dxe4 4. Nxe4 Nd7 5. Nf3 Ngf6 6. Nxf6+ Nxf6 7. Bd3 Be7 8. 0-0 0-0 9. c3 b6 10. Bg5 Bb7 11. Re1 h6 12. Bh4 c5 13. dxc5 Bxc5 14. Qe2 Be7 15. Rad1 Qc8 16. Bb1 Rd8 17. Nd4 Nd5 18. Bg3 Bd6 19. Bxd6 Rxd6 20. Qe5 Rd8 21. Rd3 Qb8 22. Qxb8 Raxb8 23. g3 Rd7 24. Red1 Rbd8 25. Nb5 Ba6 26. a4 Bxb5 27. axb5 Nf6 28. f3 Kf8 29. Kf2 Ke7 30. Ke2 Nd5 31. c4 Nb4 32. Rxd7+ Rxd7 33. Rxd7+ Kxd7 34. Kd2 Kd6 35. Kc3 Kc5 36. b3 a6 37. bxa6 Nxa6 38. Bh7 Kd6 39. Be4 Nc5 40. Ba8 e5 41. Bd5 f5 42. b4 Ne6 43. Bxe6 Kxe6 44. h4 h5 45. Kd3 Kd6 46. Ke3 Kc6 47. Kf2 Kd6 48. g4 g6 49. g5 Kc6 50. Ke3 Kd6 51. Ke2 Kc6 52. Kd2 Kd6 53. Ke3 Kc6 54. Kd3 1/2-1/2

[Event "CAN-ch U10"]
[Site "Windsor"]
[Date "2016.07.06"]
[Round "3.93"]
[White "Fedyushchenko, Alexander"]
[Black "Joseph Benher, Savio"]
[Result "1-0"]
[WhiteElo "1136"]
[BlackElo "721"]
[PlyCount "41"]
[EventDate "2016.07.05"]
[EventType "swiss"]
[EventRounds "7"]
[EventCountry "CAN"]
[SourceTitle "EXT 2022"]
[Source "ChessBase"]
[SourceDate "2021.10.06"]
[SourceVersion "1"]
[SourceVersionDate "2021.10.06"]
[SourceQuality "1"]

1. Nf3 e6 2. e4 Nc6 3. d4 d5 4. Nbd2 dxe4 5. Nxe4 Nf6 6. Bd3 Nxd4 7. Nxd4 Qxd4 8. Bb5+ Qd7 9. Nxf6+ gxf6 10. Bxd7+ Bxd7 11. Qf3 Bg7 12. Qxb7 0-0 13. Qxc7 Bb5 14. c4 Rfc8 15. Qf4 Rxc4 16. Qf3 Rc5 17. Qxa8+ Be8 18. Bh6 Rc8 19. Qxc8 Bf8 20. Qxe8 f5 21. Qxf8# 1-0